[Event "Pripis Memorial"]
[Site "Moscow"]
[Date "1997.??.??"]
[Round "2"]
[White "Annakov, Babakuli"]
[Black "Ramazan, Elshad"]
[Result "1-0"]
[WhiteElo "2365"]
[BlackElo "2370"]
[PlyCount "77"]
[EventDate "1997.??.??"]
[EventType "tourn"]
[EventRounds "10"]
[EventCountry "RUS"]
[SourceTitle "EXT 2000"]
[Source "ChessBase"]
[SourceDate "1999.11.16"]
[SourceVersion "1"]
[SourceVersionDate "1999.11.16"]
[SourceQuality "1"]

1. d4 d5 2. c4 c6 3. Nf3 Nf6 4. Nc3 e6 5. Bg5 Nbd7 6. e3 Qa5 7. Nd2 Ne4 8. Ncxe4 dxe4 9. Bh4 e5 10. Be2 h5 11. 0-0 exd4 12. Nxe4 dxe3 13. fxe3 Qe5 14. Qd3 Be7 15. Bg3 Qe6 16. Nd6+ Bxd6 17. Bxd6 Nf6 18. Rad1 Qe4 19. Qc3 Bg4 20. Bxg4 Qxg4 21. Ba3 Qe6 22. Rd6 Qe4 23. Rd4 Qg6 24. Rfd1 b6 25. Rd6 Qe4 26. R6d4 Qe6 27. Bd6 c5 28. R4d3 0-0-0 29. Bf4 Rxd3 30. Qxd3 Ne4 31. Qa3 a5 32. Rd5 g5 33. Be5 Rd8 34. Rxd8+ Kxd8 35. Qd3+ Qd7 36. Qe2 f6 37. Bc3 Qf5 38. Be1 g4 39. Qd3+ 1-0

[Event "Pripis Memorial"]
[Site "Moscow"]
[Date "1997.??.??"]
[Round "9"]
[White "Ramazan, Elshad"]
[Black "Kosteniuk, Alexandra"]
[Result "0-1"]
[WhiteElo "2370"]
[BlackElo "2290"]
[PlyCount "60"]
[EventDate "1997.??.??"]
[EventType "tourn"]
[EventRounds "10"]
[EventCountry "RUS"]
[SourceTitle "EXT 2000"]
[Source "ChessBase"]
[SourceDate "1999.11.16"]
[SourceVersion "1"]
[SourceVersionDate "1999.11.16"]
[SourceQuality "1"]

1. c3 d5 2. d4 Nf6 3. Bg5 Ne4 4. h4 Qd6 5. e3 Nd7 6. Bf4 Qc6 7. Qb3 a6 8. Bd3 Ndf6 9. Nf3 Qd7 10. Bxe4 Nxe4 11. Nbd2 Nxd2 12. Nxd2 e6 13. h5 h6 14. Be5 Qd8 15. 0-0-0 b5 16. Qc2 a5 17. Rh3 Ra6 18. Nf3 Rc6 19. Rg3 f6 20. a3 Qd7 21. Kd2 Qf7 22. Qd3 Ba6 23. b4 fxe5 24. dxe5 Rc4 25. Ke2 c5 26. Rg6 Be7 27. Nd2 Rh4 28. e4 Rxh5 29. exd5 Rxe5+ 30. Kf1 Rxd5 0-1